Scandinavian Football Teams of the 21st Century - Statistics

General Stats
  • This quiz has been taken 43 times
  • The average score is 23 of 85
Answer Stats
Clubs Matches W D L Goal Difference Points % Correct
Denmark FC København 722 429 171 122 645 1.458
97%
Sweden Malmö FF 452 249 113 90 355 860
86%
Norway Rosenborg BK 598 340 147 111 540 1.167
86%
Sweden GAIS Göteborg 188 52 54 82 -57 210
75%
Sweden IFK Göteborg 452 191 132 129 170 705
75%
Sweden AIK Solna 452 236 112 104 238 820
72%
Norway Molde FK 572 284 121 167 290 973
72%
Norway FK Bodø/Glimt 396 156 95 145 51 563
67%
Norway Viking Stavanger 568 225 159 184 76 834
67%
Denmark Aarhus GF 625 204 157 264 -110 769
64%
Denmark Bröndby IF 722 350 180 192 375 1.230
61%
Denmark Aalborg BK 718 292 187 239 104 1.063
53%
Denmark Odense Boldklub 720 284 191 245 142 1.043
53%
Norway Tromsø IL 512 177 124 211 -73 655
53%
Denmark FC Midtjylland 722 364 164 194 351 1.256
47%
Norway SK Brann 568 227 131 210 45 812
47%
Denmark FC Nordsjaelland 622 225 156 241 -14 831
44%
Sweden Hammarby IF 303 121 78 104 46 441
42%
Norway Lyn Oslo 238 82 61 95 -30 307
39%
Sweden Örebro SK 418 139 98 181 -116 515
39%
Norway Vålerenga Fotball 572 228 150 194 107 834
39%
Sweden Helsingborgs IF 361 146 86 129 53 524
36%
Denmark Randers FC 523 177 150 196 -53 681
36%
Sweden IFK Norrköping 362 162 84 116 77 570
33%
Sweden Kalmar FF 451 167 113 171 -26 614
33%
Norway FK Haugesund 360 138 90 132 15 504
31%
Sweden IK Sirius 150 46 36 68 -68 174
31%
Norway Lillestrøm SK 568 204 169 195 52 780
31%
Norway Sarpsborg 08 FF 300 91 91 118 -77 364
31%
Norway Stabæk Fotball 542 203 134 205 7 743
31%
Norway Strømsgodset IF 468 179 117 172 6 654
31%
Norway Aalesunds FK 404 131 94 179 -132 487
28%
Denmark Esbjerg fB 568 189 156 223 -30 723
28%
Sweden Halmstads BK 303 74 87 142 -131 309
28%
Sweden IF Elfsborg 452 209 126 117 177 753
28%
Norway IK Start 374 100 94 180 -211 394
28%
Sweden Östers IF 34 6 12 16 -21 30
28%
Denmark Lyngby BK 307 74 74 159 -225 296
25%
Norway Sandefjord Fotball 262 63 57 142 -168 246
25%
Sweden Djurgardens IF 452 191 113 148 90 686
22%
Denmark Vejle Boldklub 182 34 54 94 -145 156
22%
Sweden BK Häcken 393 168 102 123 170 606
19%
Sweden IF Brommapojkarna 176 38 38 100 -165 152
19%
Sweden Mjällby AIF 210 71 54 85 -13 267
19%
Norway Odds BK 572 234 137 201 28 838
19%
Sweden Östersunds FK 180 56 45 79 -53 213
19%
Norway Bryne FK 78 21 12 45 -50 75
17%
Sweden Falkenbergs FF 150 29 30 91 -147 117
17%
Sweden Gefle IF 300 83 89 128 -110 338
17%
Sweden GIF Sundsvall 212 51 59 102 -96 212
17%
Sweden Örgryte IS 35 7 8 20 -24 29
17%
Norway Ranheim IL 60 19 12 29 -26 69
17%
Denmark AC Horsens 405 114 122 169 -169 464
14%
Sweden AFC Eskilstuna 60 8 16 36 -59 40
14%
Norway Kristiansund BK 150 60 41 49 10 221
14%
Norway Mjøndalen IF 120 22 34 64 -83 100
14%
Denmark Silkeborg IF 484 137 130 217 -152 541
14%
Denmark Viborg FF 387 116 102 169 -83 450
14%
Sweden Atvidabergs FF 150 41 41 68 -56 164
11%
Sweden Degerfors IF 30 10 4 16 -17 34
11%
Denmark Hobro IK 170 42 49 79 -83 175
11%
Norway Hönefoss BK 90 20 29 41 -59 89
11%
Sweden Jönköpings Södra IF 60 14 23 23 -22 65
11%
Norway Kongsvinger IL 30 4 8 18 -31 20
11%
Norway Moss FK 52 15 8 29 -30 53
11%
Norway Sandnes Ulf 90 21 24 45 -60 87
11%
Sweden Trelleborgs FF 176 48 44 84 -75 188
11%
Sweden Dalkurd FF 30 6 6 18 -27 24
8%
Norway Hamarkameratene 104 30 28 46 -37 118
8%
Norway Sogndal IL 284 77 81 126 -113 312
8%
Denmark SönderjyskE 484 149 128 207 -140 575
8%
Denmark Akademisk Boldklub 132 39 40 53 -31 157
6%
Denmark BK Frem 33 8 3 22 -25 27
6%
Denmark FC Helsingör 38 8 7 23 -35 31
6%
Denmark HB Köge 66 8 14 44 -78 38
6%
Denmark Köge Boldklub 33 8 3 22 -37 27
6%
Sweden Syrianska FC 90 20 16 54 -65 76
6%
Sweden Varbergs BoIS 60 19 17 24 -2 74
6%
Denmark Farum Boldklub (FCN II) 33 16 3 14 -9 51
3%
Norway Fredrikstad FK 220 77 48 95 -47 279
3%
Denmark Haderslev FK (SE II) 34 1 9 24 -58 12
3%
Denmark Herfölge Boldklub 99 21 23 55 -89 86
3%
Denmark Vendsyssel FF 40 8 14 18 -19 38
3%
Denmark FC Vestsjaelland 66 17 20 29 -32 71
0%
Sweden Ljungskile SK 30 6 6 18 -29 24
0%
No matching quizzes found
Score Distribution
Percent of People with Each Score
Percentile by Number Answered
Your Score History
You have not taken this quiz